00493nam a22001937a 4500003000800000008004100008020001800049041001300067080001600080100002000096245002600116250001200142260005000154300001000204650001300214650002500227700002300252700002400275SLTCLib260615b ce ||||| |||| 00| 0 eng d a9780226826677 aEnglish  a001.42bBOO aBooth, Wayne C. aThe Craft of Research a5th ed. aLondonbThe University of Chicago pressc2004 a314p. aResearch aResearch Methodology aColomb, Gregory G. aWilliams, Joseph M.